|
|
|
|
| LEADER |
00000njm a2200000 a 4500 |
| 001 |
vtls010492140 |
| 003 |
SK-MaSNL |
| 005 |
20260331210032.0 |
| 007 |
sd fungnnmmned |
| 008 |
160430p2012 xo jznn f n eng |
| 015 |
|
|
|a SNBJ2014
|
| 028 |
0 |
1 |
|a SF 00742531
|b Hudobný fond
|
| 040 |
|
|
|a SNK
|b slo
|c SNK
|e AACR2
|
| 041 |
0 |
|
|d eng
|d slo
|g eng
|g slo
|
| 044 |
|
|
|a xo
|c SK
|
| 072 |
|
7 |
|a 78.03
|x Vývojové obdobia v dejinách hudby
|2 konspekt
|
| 080 |
|
|
|a 78.036.9
|2 2011
|
| 080 |
|
|
|a 78.036.9:784.7
|2 2011
|
| 080 |
|
|
|a 784.4
|2 2011
|
| 080 |
|
|
|a (086.76)
|2 2011
|
| 100 |
1 |
|
|a Balogh, Berco,
|d 1961-
|4 cmp
|4 sng
|9 114881
|
| 245 |
1 |
4 |
|a The Savoy Stories
|h zvukový záznam
|c Berco Balogh & Ľuboš Šrámek
|
| 246 |
3 |
4 |
|a Jazzonance
|b new voicinstrumental concept
|
| 260 |
|
|
|a Bratislava
|b Hudobný fond
|c 2012
|
| 300 |
|
|
|a 1 zvuková platňa (45:57)
|b digitál.
|c 12 cm
|e 1 text. príl. ([10] s.)
|
| 306 |
|
|
|a 004557
|
| 500 |
|
|
|a Kompaktná platňa
|
| 500 |
|
|
|a Príloha obsahuje údaje o interpretoch
|
| 500 |
|
|
|a Autormi piesní sú Ľ. Šrámek, B. Balogh, Andrej Turok a ďalší
|
| 505 |
0 |
0 |
|t Jazzperanza --
|t Moody´s Mood For Love --
|t Downtown --
|t My Foolish Heart --
|t Čítam ti z pier --
|t Papermoon --
|t Medzi riadkami --
|t Route 66 --
|t Body and Soul
|
| 511 |
0 |
|
|a Účinkujú: Berco Balogh, spev ; Ľuboš Šrámek, klavír, aranžmány ; Milo Suchomel, saxofóny ; Matúš Jakabčic, gitara ; Juraj Griglák, Štefan Bartuš, kontrabas ; Marián Ševčík, Dušan Novakov, bicie ; Stanislav Palúch, husle
|
| 518 |
|
|
|a Nahraté v Dukatton studio Vienna, Q+Q studio, studioJ a garage studio v rokoch 2011-2012
|
| 650 |
0 |
7 |
|a populárne piesne
|2 SNKPH
|9 3446
|
| 650 |
0 |
7 |
|a džez
|2 SNKPH
|9 3178
|
| 650 |
0 |
7 |
|a džezové piesne
|2 SNKPH
|9 120900
|
| 650 |
0 |
7 |
|a Popular songs
|2 SNKPHeng
|9 240063
|
| 650 |
0 |
7 |
|a Jazz
|2 SNKPHeng
|9 267473
|
| 650 |
0 |
7 |
|a Jazz songs
|2 SNKPHeng
|9 501165
|
| 655 |
|
7 |
|a kompaktné platne
|2 SNKPH
|9 70690
|
| 655 |
|
7 |
|a Compact discs
|2 SNKPHeng
|9 136570
|
| 700 |
1 |
|
|a Šrámek, Luboš,
|d 1977-
|4 cmp
|4 arr
|4 itr
|9 114621
|
| 999 |
|
|
|c 839021
|d 840951
|
| 952 |
|
|
|a SNK
|b SNK
|y PREZ
|7 0
|p 17A1062991
|o snkSCD 2625
|i snk2013/4338
|8 0
|0 0
|1 0
|4 0
|d 2013-02-21
|l 0
|r 2026-02-24 04:05:23
|w 2026-02-24
|
| 952 |
|
|
|a SNK
|b SNK
|y PREZ
|7 0
|p 17A1063000
|o snkSCD 2625/príl.
|i snk2013/4338
|8 0
|3 Príloha
|z Príloha
|0 0
|1 0
|4 0
|d 2013-02-21
|l 0
|r 2026-02-24 04:05:23
|w 2026-02-24
|